Central Library OPAC University of Rajshahi

Georges Clemenceau : (Record no. 36103)

MARC details
000 -LEADER
fixed length control field 00794cam a2200253 a 4500
001 - CONTROL NUMBER
control field 36103
003 - CONTROL NUMBER IDENTIFIER
rucl marc code BD-RJUL
005 - DATE AND TIME OF LATEST TRANSACTION
control field 20211209052432.0
008 - FIXED-LENGTH DATA ELEMENTS--GENERAL INFORMATION
fixed length control field 140616t1974 enkbc b 001 0beng d
020 ## - INTERNATIONAL STANDARD BOOK NUMBER
International Standard Book Number 0413264106
035 ## - SYSTEM CONTROL NUMBER
System control number (BD-RjUL)36200
040 ## - CATALOGING SOURCE
Original cataloging agency DLC
Transcribing agency DLC
Modifying agency m.c
-- BD-RjUL
Language of cataloging eng
041 ## - LANGUAGE CODE
Language code of text/sound track or separate title eng
082 04 - DEWEY DECIMAL CLASSIFICATION NUMBER
Author mark and year WAG 1974
Classification number 944.0810924
100 1# - MAIN ENTRY--PERSONAL NAME
Personal name Watson, David Robin.
9 (RLIN) 109887
245 10 - TITLE STATEMENT
Title Georges Clemenceau :
Remainder of title a political biography /
Statement of responsibility, etc. David Robin Watson.
260 ## - PUBLICATION, DISTRIBUTION, ETC. (IMPRINT)
Place of publication, distribution, etc. London :
Name of publisher, distributor, etc. Eyre Methuen,
Date of publication, distribution, etc. 1974.
300 ## - PHYSICAL DESCRIPTION
Pagination 463 p. :
Illustrations ill. ;
Size 24 cm.
504 ## - BIBLIOGRAPHY, ETC. NOTE
Bibliography, etc Includes bibliographical references and index.
600 10 - SUBJECT ADDED ENTRY--PERSONAL NAME
Personal name Clemenceau, Georges,
Dates associated with a name 1841-1929.
651 #0 - SUBJECT ADDED ENTRY--GEOGRAPHIC NAME
Geographic name France
General subdivision History
Chronological subdivision Third Republic, 1870-1940.
9 (RLIN) 76240
942 ## - ADDED ENTRY ELEMENTS (KOHA)
Source of classification or shelving scheme Dewey Decimal Classification
Koha item type Books
Holdings
Lost status Source of classification or shelving scheme Damaged status Not for loan Collection code Permanent Location Current Location Shelving location Date acquired Source of acquisition Cost, normal purchase price Total Checkouts Full call number Date last seen Copy number Koha item type
  Dewey Decimal Classification   Not For Loan Non-fiction Central Library, University of Rajshahi Central Library, University of Rajshahi Reading Room 02/12/1975 Jonathan wren & co. 9.50   944.0810924 WAG 1974 16/06/2014 C-1 Books